| 000 | 01208cam a2200325 a 4500 | ||
|---|---|---|---|
| 001 | 2204 | ||
| 005 | 20231114131731.0 | ||
| 020 | _a0689808216 | ||
| 020 | _a0689808216 | ||
| 020 | _a076714003255 | ||
| 040 |
_aNCorniS _cNCorniS _dDLC _beng |
||
| 050 | 0 | 0 |
_aPZ7.R2532 _bSo 1996 |
| 082 | 0 | 0 | _221 |
| 100 | 1 | _aReed, Teresa | |
| 245 | 1 | 0 |
_aSomething's fishy! / _cby Teresa Reed ; pictures by George Ulrich. |
| 250 | _aFirst Aladdin Paperbacks edition, August 1996 | ||
| 260 |
_aNew York : _bAladdin Paperbacks, _c1996 |
||
| 300 |
_a11 unnumbered pages : _billustrations _c20x21 cm |
||
| 500 | _a"Nick Jr." | ||
| 500 | _a"Allegra's window." | ||
| 500 | _aIncludes directions for making a fish mobile. | ||
| 505 | _aK | ||
| 520 | _aAllegra takes care of Reed's fish while he is away and, because her friend, Poco, is upset, comes up with a great idea and gives him a fish mobile in order to make him feel better, in a story featuring simple instructions on how to create a mobile. | ||
| 521 | 1 |
_a550 _bLexile estimate |
|
| 521 | 1 |
_aK _bRaz-Plus |
|
| 650 | 1 |
_aFishes _xFiction. |
|
| 700 | 1 |
_aUlrich, George _eillustrator |
|
| 906 |
_a7 _bcbc _ccopycat _d2 _eopcn _f19 _gy-gencatlg |
||
| 942 |
_2ddc _cBK _n0 |
||
| 999 |
_c2204 _d2204 |
||